000 00992nam a2200229Ia 4500
999 _c37597
_d37597
001 3569
003 GE_BSU
005 20190528173900.0
008 181216s2007|||| |||||||||||||| ||geo||
020 _a9789994061419
040 _cGE_BSU
041 _ageo
080 _a621.3(075.8) კ-95
100 _aკუტუბიძე, ბ.ვ.
_91750
245 _aტექნიკური ელექტროდინამიკის საფუძვლები : დამხმ.სახელმძღ. /
_cბ.ვ. კუტუბიძე ; რედ : ნუგზარ ღომიძე.
264 _aთბილისი:
_bუნივერსალი,
_c2007.
300 _a150 გვ.:
_bილ ;
_c20 სმ.
653 _aტექნიკური ელექტროდინამიკა
653 _aელექტროტექნიკა
700 _aღომიძე, ნუგზარ
_eრედაქტორი
_91751
942 _cBK
_2udc